| 000 | 00827nam0a22002651 4500 | ||
|---|---|---|---|
| 001 | rc\376898 | ||
| 005 | 20030307123942.1 | ||
| 035 | _a(NLR Aleph) 005608730 | ||
| 090 |
_a6390413 _c6390413 |
||
| 100 | _a20030307d1989 u |0rusy50 ca | ||
| 101 | 0 | _arus | |
| 102 | _aRU | ||
| 105 | _aa ||||||||| | ||
| 200 | 1 |
_aТетрадь по математике _e3 кл. _e[Для четырехлет. нач. шк.] |
|
| 205 | _a3-е изд. | ||
| 210 |
_aКиев _cРад. шк. _d1989 |
||
| 215 |
_a64 с. _cил. _d22 |
||
| 300 | _aАвт. указаны в вып. дан. | ||
| 700 | 1 |
_aКочина _bЛ. П. _gЛидия Петровна |
|
| 701 | 1 |
_aМацько _bН. Д. _gНаталья Денисовна |
|
| 801 | 0 |
_aRU _bNLR _gpsbo |
|
| 801 | 1 |
_aRU _bELAR _2rusmarc |
|
| 852 |
_aNLR _j89-6/2822 |
||
| 942 | _cBOOK | ||
| 980 | _aNB | ||